Biblioteca

Las siete leyes de la cosecha (Registro nro. 69058)

Detalles MARC
000 -LÍDER
Campo fijo de descripción fija 02284aam a2200421 i 4500
001 - NÚMERO DE CONTROL
Campo de control 768714001
003 - IDENTIFICADOR DEL NÚMERO DE CONTROL
Campo de control CO-MdFUSB
005 - FECHA Y HORA DE LA ULTIMA TRANSACCIÓN
control field 20231104111745.0
007 - CAMPO FIJO DE DESCRIPCIÓN FIJA--INFORMACIÓN GENERAL
Campo fijo de descripción fija ta
008 - ELEMENTOS DE LONGITUD FIJA -- INFORMACIÓN GENERAL
Campo fijo de descripción fija -- Información general 230926t19751996miu||||g |||| 00| 0 spa d
020 ## - NÚMERO INTERNACIONAL NORMALIZADO PARA LIBROS
Número Internacional Normalizado del libro 082543151
Información adicional 4
040 ## - FUENTE DE CATALOGACIÓN
Agencia de catalogación original CO-MdFUSB
Idioma de catalogación spa
Agencia que realiza la transcripción CO-MdFUSB
Agencia que realiza la modificación CO-MdFUSBC
Convenciones de la descripción rda
041 ## - CÓDIGO DE IDIOMA
Código de idioma para texto/pista de sonido o título separado spa
082 ## - NÚMERO DE CLASIFICACIÓN DECIMAL DEWEY
Número de la edición del Dewey 23
Número de clasificación 248.4
Clave de autor-Numero de item L421
100 ## - ASIENTO PRINCIPAL--NOMBRE PERSONAL
Nombre personal Lawrence, John W.,
Término relacionador autor
240 ## - TITULO UNIFORME
Título uniforme <a href="The Seven Laws of the Harvest">The Seven Laws of the Harvest</a>
245 17 - TÍTULO
Título del Material Las siete leyes de la cosecha
Parte restante del título - Subtitulo : la realidad de que se cosecha lo que se siembra
Mención de responsabilidad, etc. / John W. Lawrence ; traducido por Karin Ballin
264 #1 - PRODUCCIÓN, PUBLICACIÓN, DISTRIBUCIÓN, MANUFACTURA, Y COPYRIGHT
Lugar de producción, publicación, distribución, manufactura Michigan :
Nombre del productor, publicador, distribuidor Portavoz,
Fecha de producción, publicación, distribución, manufactura, o copyright [1996]
264 #4 - PRODUCCIÓN, PUBLICACIÓN, DISTRIBUCIÓN, MANUFACTURA, Y COPYRIGHT
Fecha de producción, publicación, distribución, manufactura, o copyright ©1996
300 ## - DESCRIPCIÓN FÍSICA
Extensión 122 páginas
Dimensiones ; 21 cm.
336 ## - TIPO DE CONTENIDO
Fuente rdacontent
Término de tipo de contenido texto
Código de tipo de contenido txt
337 ## - TIPO DE MEDIO
Fuente rdamedia
Nombre del tipo de medio sin mediación
Código del tipo de medio n
338 ## - TIPO DE SOPORTE
Fuente rdacarrier
Nombre del tipo de soporte volumen
Código Tipo de soporte nc
504 ## - NOTA DE BIBLIOGRAFÍA, ETC.
Nota de bibliografía, etc Incluye índices (páginas 113-122)
505 ## - NOTA DE CONTENIDO
Título La consideración: cosechamos muchas cosas que no sembramos.
Nota de contenido con formato preestablecido
505 ## - NOTA DE CONTENIDO
Título La identificación: cosechamos la misma variedad que sembramos.
505 ## - NOTA DE CONTENIDO
Título La espera: cosechamos en una época diferente de la que sembramos.
505 ## - NOTA DE CONTENIDO
Título El recuerdo: cosechamos más de lo que sembramos
505 ## - NOTA DE CONTENIDO
Título Lo que se ha de hacer: cosechamos en la proporción en que sembramos.
505 ## - NOTA DE CONTENIDO
Título La perseverancia: recogeremos una cosecha completa del bien sólo si perseveramos; el mal se reproduce por sí solo.
505 ## - NOTA DE CONTENIDO
Título El olvido: No podemos hacer nada con la cosecha del año pasado, pero sí podemos hacer algo con la cosecha de este año.
520 ## - NOTA DE RESUMEN, ETC.
Nota de sumario, etc. Las siete leyes de la cosecha<br/><br/>Activo pero ineficaz. esa sencilla descripción puede muy bien definir la experiencia de muchos cristianos comprometidos hoy día. ¿qué falta en nuestras vidas personales y en la vida de la iglesia? el conocimiento y la aplicación de los principios básicos de Dios sobre el crecimiento espiritual y la cosecha en la vida cristiana. como dice el doctor John Lawrence, todo cristiano necesita urgentemente "conocer las leyes espirituales de Dios y gobernar su vida de conformidad con esas leyes, si es que ha de prosperar y avanzar espiritualmente".
563 ## - NOTA DE ENCUADERNACIÓN
Nota de encuadernación Rústico
650 #0 - ASIENTO SECUNDARIO DE MATERIA - TERMINO TEMÁTICO
9 (RLIN) 19
Término temático o nombre geográfico como elemento de entrada Vida cristiana
700 ## - ASIENTO SECUNDARIO - NOMBRE PERSONAL
9 (RLIN) 8510
Nombre personal Ballin, Karin,
Responsabilidad traductor
942 ## - TIPO DE MATERIAL (KOHA)
Tipo de Item KOHA Libros General
945 ## - INFORMACIÓN LOCAL DEL REGISTRO
Catalogador sor1564
Existencias
Estado de Material Estado de Perdido Forma de Clasificación Estado de Dañado No para Préstamo Colección Biblioteca de Origen Biblioteca Permanente Fecha de Adquisición Área Total de Préstamos Signatura Topográfica Código de Barras Última vez visto Ejemplar/Existencia Fecha de Remplazo Tipo de Material
    Dewey Decimal Classification     Colección General Biblioteca FUSBC Biblioteca FUSBC 26/09/2023 VIDA CRISTIANA   G 248.4 L421s 22549 26/09/2023 Ej. 1 26/09/2023 Libros General

Biblioteca FUSBC | Teléfono: (57+4) 349 88 10 Ext. 141| WhatsApp (+57) 3005338115 
E-mail: biblioteca@unisbc.edu.co | Calle 76 87-14 Robledo Palenque, Medellín, Colombia

Con tecnología Koha